Southville International School and Colleges
Your cart is empty.
  • Cart
  • Lists
    Public lists Eva Luna New books Lux_list list_1
    Your lists Log in to create your own lists
  • Log in to your account
  • Your cookies
  • Search history
Southville International School and Colleges
  • Advanced search
  • Recent comments
  • Most popular
  • Libraries

Log in to your account

Log in with GOOGLE


If you do not have an external account, but do have a local account, you can still log in:

  1. Home
  2. MARC view: Splat! /
Normal view MARC view ISBD view

Splat! / (Record no. 33518)

[ view plain ]
MARC details
000 -LEADER
fixed length control field 01178pam a2200361 a 4500
001 - CONTROL NUMBER
control field 2997767
003 - CONTROL NUMBER IDENTIFIER
control field ost
005 - DATE AND TIME OF LATEST TRANSACTION
control field 20140310184309.0
008 - FIXED-LENGTH DATA ELEMENTS--GENERAL INFORMATION
fixed length control field 930823s1994 nyua j 000 1 eng
010 ## - LIBRARY OF CONGRESS CONTROL NUMBER
LC control number 93034127
020 ## - INTERNATIONAL STANDARD BOOK NUMBER
International Standard Book Number 0590621955
020 ## - INTERNATIONAL STANDARD BOOK NUMBER
International Standard Book Number 0590621955
040 ## - CATALOGING SOURCE
Original cataloging agency DLC
Transcribing agency DLC
Modifying agency DLC
042 ## - AUTHENTICATION CODE
Authentication code lcac
050 00 - LIBRARY OF CONGRESS CALL NUMBER
Classification number PZ 7
Item number .Oc18 1996
100 1# - MAIN ENTRY--PERSONAL NAME
Personal name O'Connor, Jane.
9 (RLIN) 21058
245 10 - TITLE STATEMENT
Title Splat! /
Statement of responsibility, etc Jane O'Connor ; illustrated by Marilyn Mets.
260 ## - PUBLICATION, DISTRIBUTION, ETC. (IMPRINT)
Place of publication, distribution, etc New York :
Name of publisher, distributor, etc Grosset & Dunlap,
Date of publication, distribution, etc 1994
300 ## - PHYSICAL DESCRIPTION
Extent 32 p. :
Other physical details col. ill. ;
Dimensions 24 cm.
440 #0 - SERIES STATEMENT/ADDED ENTRY--TITLE
Title All aboard reading
9 (RLIN) 23256
500 ## - GENERAL NOTE
General note "Level 1."
500 ## - GENERAL NOTE
General note "Preschool-grade 1."
520 ## - SUMMARY, ETC.
Summary, etc A young boy, bothered by his size, thinks that the super squirt gun he buys will transform him from "Squirt" into "Splat Master."
521 ## - TARGET AUDIENCE NOTE
Target audience note
526 ## - STUDY PROGRAM INFORMATION NOTE
Reading level 140
650 #1 - SUBJECT ADDED ENTRY--TOPICAL TERM
Topical term or geographic name as entry element Size
General subdivision Fiction.
9 (RLIN) 23257
650 #1 - SUBJECT ADDED ENTRY--TOPICAL TERM
Topical term or geographic name as entry element Toys
General subdivision Fiction.
9 (RLIN) 23258
700 1# - ADDED ENTRY--PERSONAL NAME
Personal name Mets, Marilyn,
Relator term ill.
9 (RLIN) 23259
906 ## - LOCAL DATA ELEMENT F, LDF (RLIN)
a 7
b cbc
c orignew
d 1
e ocip
f 19
g y-gencatlg
942 ## - ADDED ENTRY ELEMENTS (KOHA)
Source of classification or shelving scheme Library of Congress Classification
Koha item type
Holdings
Withdrawn status Lost status Source of classification or shelving scheme Damaged status Home library Current library Shelving location Date acquired Total Checkouts Full call number Barcode Date last seen Copy number Price effective from Koha item type
    Library of Congress Classification   Luxembourg Library Luxembourg Library Scholastic Reading Center Section 10/03/2013   PZ 7 .Oc18 1996 LEX0016 04/18/2017 1 10/03/2013 Books

Splat! /

APA

O'Connor J., Mets M., . (1994). Splat!. New York: Grosset & Dunlap.

Chicago

O'Connor Jane, Mets Marilyn, . 1994. Splat!. New York: Grosset & Dunlap.

Harvard

O'Connor J., Mets M., . (1994). Splat!. New York: Grosset & Dunlap.

MLA

O'Connor Jane, Mets Marilyn, . Splat!. New York: Grosset & Dunlap. 1994.

  • Place hold
  • Print
  • Cite
  • Add to your cart (remove)
  • Save record
    BIBTEX Dublin Core MARCXML MARC (non-Unicode/MARC-8) MARC (Unicode/UTF-8) MARC (Unicode/UTF-8, Standard) MODS (XML) RIS
  • More searches
    Search for this title in:
    Other Libraries (WorldCat) Other Databases (Google Scholar) Online Stores (Bookfinder.com) Open Library (openlibrary.org)

Exporting to Dublin Core...

SOUTHVILLE LIBRARY

Southville International School and Colleges Library

1281 Tropical Ave. Cor. Luxembourg St., BF Homes International, Las Pinas City

Tel. No. 8256374 / 252358 Loc. 117/146

Powered by Koha